[Event "Belt and Road op 4th"]
[Site "Qinhuangdao"]
[Date "2024.11.22"]
[Round "3"]
[White "Gao, Muziyan"]
[Black "Chen, Qi B"]
[Result "1/2-1/2"]
[WhiteElo "2177"]
[BlackElo "2496"]
[PlyCount "128"]
[EventDate "2024.11.21"]
[EventType "swiss"]
[EventRounds "9"]
[EventCountry "CHN"]
[SourceTitle "CB49_2024"]
[SourceDate "2024.12.04"]
[SourceVersion "1"]
[SourceVersionDate "2024.12.04"]
[SourceQuality "1"]

1. d4 Nf6 2. c4 b6 3. Nc3 Bb7 4. Qc2 Nc6 5. Nf3 Nb4 6. Qd1 Bxf3 7. exf3 e6 8. a3 Nc6 9. Be3 Ne7 10. Bd3 g6 11. Qd2 Bg7 12. Rc1 0-0 13. 0-0 c6 14. b4 d5 15. cxd5 exd5 16. Ne2 b5 17. Bg5 Qd6 18. Rc5 Rfc8 19. Rfc1 Bf8 20. R5c2 a6 21. a4 Bg7 22. Rc5 Kh8 23. h4 h5 24. Nf4 Nfg8 25. Ne2 Qd7 26. Bb1 Re8 27. Ng3 Rac8 28. Qd3 Nf6 29. Bxf6 Bxf6 30. Nxh5 Bxh4 31. g3 Bg5 32. f4 Qg4 33. Kg2 Nf5 34. fxg5 Nh4+ 35. Kg1 Nf3+ 36. Kg2 Ne1+ 37. Rxe1 Rxe1 38. Nf4 Qxg5 39. Ba2 Qh6 40. Nh3 Kg7 41. a5 Rh8 42. g4 Re4 43. Qg3 Qd2 44. Bb1 Re6 45. Bd3 Qd1 46. Bf1 Qxd4 47. Qc3 Qxc3 48. Rxc3 Re4 49. Rxc6 Rxg4+ 50. Kf3 Rxb4 51. Rxa6 Rb1 52. Bg2 b4 53. Rb6 Ra8 54. a6 Ra1 55. Rxb4 R8xa6 56. Nf4 R6a3+ 57. Kg4 Kh6 58. Nxd5 f5+ 59. Kf4 R1a2 60. Ke5 Rxf2 61. Nf4 Raa2 62. Bd5 Rfb2 63. Rd4 Ra6 64. Ne6 Rxe6+ 1/2-1/2

[Event "Belt and Road op 4th"]
[Site "Qinhuangdao"]
[Date "2024.11.21"]
[Round "1"]
[White "Gao, Muziyan"]
[Black "Wang, Shixu B"]
[Result "0-1"]
[WhiteElo "2177"]
[BlackElo "2463"]
[PlyCount "94"]
[EventDate "2024.11.21"]
[EventType "swiss"]
[EventRounds "9"]
[EventCountry "CHN"]
[SourceTitle "CB49_2024"]
[SourceDate "2024.12.04"]
[SourceVersion "1"]
[SourceVersionDate "2024.12.04"]
[SourceQuality "1"]

1. d4 Nf6 2. c4 e6 3. Nc3 Bb4 4. Qc2 d6 5. Nf3 0-0 6. g3 Re8 7. Bg2 e5 8. dxe5 dxe5 9. 0-0 c6 10. Rd1 Qc7 11. a3 Bf8 12. b4 a5 13. b5 Nbd7 14. Rb1 Nb6 15. bxc6 bxc6 16. Qb3 Rb8 17. Be3 Nbd7 18. Qa2 Rxb1 19. Rxb1 Ng4 20. Bc1 Nc5 21. h3 Nf6 22. Be3 Bf5 23. Rd1 Rb8 24. g4 Bg6 25. Nh4 Ne6 26. Nxg6 hxg6 27. Ne4 Be7 28. Nxf6+ gxf6 29. Be4 Kg7 30. Kg2 a4 31. Bc2 Qa5 32. Be4 Qa6 33. Rd7 Bc5 34. Bc1 Rb3 35. Qc2 Qc8 36. Rd3 Bxa3 37. Be3 Qb7 38. Qd1 Rxd3 39. Bxd3 Qa6 40. Bc2 Bc5 41. Bxa4 Bxe3 42. fxe3 Qxc4 43. Bc2 Ng5 44. Qd2 c5 45. Kh2 Qb4 46. Qd5 Qe1 47. Qg2 c4 0-1

[Event "CHN-ch Blitz (Women)"]
[Site "Hohhot"]
[Date "2024.11.13"]
[Round "1"]
[White "Chu, Ruotong"]
[Black "Gao, Muziyan"]
[Result "0-1"]
[WhiteElo "2124"]
[BlackElo "1898"]
[PlyCount "41"]
[EventDate "2024.11.13"]
[EventType "swiss (blitz)"]
[EventRounds "9"]
[EventCountry "CHN"]
[SourceTitle "CB49_2024"]
[SourceDate "2024.12.04"]
[SourceVersion "1"]
[SourceVersionDate "2024.12.04"]
[SourceQuality "1"]

1. Nf3 c5 2. g3 Nc6 3. c4 g6 4. Bg2 Bg7 5. Nc3 e5 6. h4 Nf6 7. a3 a5 8. d3 d6 9. Ng5 h6 10. Nge4 Nxe4 11. dxe4 Be6 12. Nb5 Bf8 13. Qd3 Nd4 14. 0-0 Bg7 15. Rd1 Qd7 16. Nc3 Rd8 17. Rb1 0-0 18. Bd2 a4 19. e3 Nb3 20. Be1 Na5 21. Nb5 0-1

[Event "CHN-ch Blitz (Women)"]
[Site "Hohhot"]
[Date "2024.11.13"]
[Round "2"]
[White "Li, Xueyi"]
[Black "Gao, Muziyan"]
[Result "0-1"]
[WhiteElo "2197"]
[BlackElo "1898"]
[PlyCount "120"]
[EventDate "2024.11.13"]
[EventType "swiss (blitz)"]
[EventRounds "9"]
[EventCountry "CHN"]
[SourceTitle "CB49_2024"]
[SourceDate "2024.12.04"]
[SourceVersion "1"]
[SourceVersionDate "2024.12.04"]
[SourceQuality "1"]

1. d4 Nf6 2. c4 e6 3. g3 c5 4. d5 exd5 5. cxd5 d6 6. Nc3 g6 7. Bg2 Bg7 8. Nf3 0-0 9. 0-0 Re8 10. Bf4 Ne4 11. Nxe4 Rxe4 12. Nd2 Re8 13. Nc4 Bf8 14. a4 b6 15. Re1 Ba6 16. Na3 Nd7 17. Nb5 Ne5 18. e4 Bg7 19. Ra2 Qd7 20. Bf1 Bb7 21. Na3 f5 22. Bb5 Qf7 23. Bxe8 Rxe8 24. Bxe5 Bxe5 25. Nc4 fxe4 26. Rxe4 Qxd5 27. Qxd5+ Bxd5 28. Nxd6 Re6 29. Rxe5 Rxe5 30. Ra1 a6 31. a5 b5 32. Nc8 Bb7 33. f4 Re2 34. Nd6 Bc6 35. Rd1 Rg2+ 36. Kf1 Rxh2 37. Ke1 Rxb2 38. Nc8 c4 39. Ne7+ Kf7 40. Nxc6 c3 41. Rc1 b4 42. Nxb4 Rxb4 43. Rxc3 Rb5 44. Rc7+ Kg8 45. Ke2 Rxa5 46. Ra7 Ra3 47. g4 h5 48. gxh5 gxh5 49. f5 h4 50. Kf2 a5 51. Kg2 a4 52. f6 h3+ 53. Kh2 Kf8 54. f7 Kg7 55. Kg1 Ra2 56. Kh1 a3 57. Kg1 Rg2+ 58. Kh1 a2 59. Ra3 Rb2 60. Ra7 Rb1+ 0-1